[Event "Wch U18"]
[Site "Oropesa del Mar"]
[Date "1998.11.04"]
[Round "9"]
[White "Gershon, Alik"]
[Black "Svetushkin, Dmitry"]
[Result "1-0"]
[WhiteElo "2460"]
[BlackElo "2460"]

1.d4 d5 2.c4 dxc4 3.e3 Nf6 4.Bxc4 e6 5.Nf3 c5 6.O-O a6 7.a4 Nc6 8.Qe2 Qc7
9.Nc3 Bd6 10.h3 O-O 11.d5 exd5 12.Nxd5 Nxd5 13.Bxd5 Bd7 14.Ng5 h6 15.Ne4 Nb4
16.Bb3 Bc6 17.Nxd6 Qxd6 18.Bd2 Qg6 19.Qg4 Qxg4 20.hxg4 Rfd8 21.Rfd1 Bd5 22.Bxd5 Nxd5
23.e4 Nb4 24.Bxb4 cxb4 25.Kf1 Kf8 26.Ke2 Ke7 27.Rxd8 Rxd8 28.Rc1 Rd7 29.a5 b3
30.Rc4 Kf6 31.f4 Kg6 32.Rb4 h5 33.g5 h4 34.Rxb3 Kh5 35.Kf3 Rd1 36.g4+ hxg3
37.Kxg3 Rd7 38.Kf3 Rc7 39.e5 Kg6 40.Kg4 Kh7 41.Kh5 Kg8 42.Rc3 Rd7 43.g6  1-0

[Event "GER-ch"]
[Site "Bremen"]
[Date "1998.11.06"]
[Round "1"]
[White "Dautov, Rustem"]
[Black "Meins, Gerlef"]
[Result "1-0"]
[WhiteElo "2625"]
[BlackElo "2455"]

1.d4 d5 2.c4 dxc4 3.Nf3 Nf6 4.e3 e6 5.Bxc4 c5 6.O-O a6 7.Bb3 Be7 8.Nc3 Nc6
9.Qe2 cxd4 10.Rd1 O-O 11.Nxd4 Nxd4 12.exd4 Nd5 13.Qf3 Nxc3 14.bxc3 Bd6 15.c4 Qf6
16.Qxf6 gxf6 17.c5 Be7 18.Be3 Rd8 19.d5 Bd7 20.d6 Bf8 21.f4 f5 22.Rab1 Bc6
23.Bc4 Bg7 24.Rdc1 Rac8 25.Be2 e5 26.fxe5 Bxe5 27.g3 Be4 28.Rb4 Kg7 29.Kf2 Kf6
30.Bf3 Bxf3 31.Kxf3 Rd7 32.Rcb1 Rb8 33.c6 Rxd6 34.cxb7 Rd3 35.R1b3 Rxb3 36.Rxb3 Re8
37.Rb6+  1-0

[Event "Chigorin mem"]
[Site "St. Petersburg"]
[Date "1998.11.08"]
[Round "8"]
[White "Kharitonov, Andrei Y"]
[Black "Ovetchkin, Roman"]
[Result "1/2-1/2"]
[WhiteElo "2570"]
[BlackElo "2485"]

1.d4 Nf6 2.Nf3 d5 3.c4 dxc4 4.e3 e6 5.Bxc4 c5 6.O-O a6 7.dxc5 Qxd1 8.Rxd1 Bxc5
9.Bd2 Ke7 10.Be1 Nbd7 11.Nbd2 b6 12.Be2 Bb7 13.Nc4 a5 14.Nd4 Rhd8 15.Nb3 Bb4
16.Bxb4+ axb4 17.f3 Bd5 18.Rdc1 Rdc8 19.Kf2 Ra7 20.e4 Bxc4 21.Rxc4 Rxc4 22.Bxc4 Ne8
23.Nd4 Rc7 24.Bd3 Ne5 25.Rd1 Nd6 26.Ke2 g5 27.Bb1 Ndc4 28.b3 Nd6 29.Bd3 Rc3
30.Bb1 Rc5 31.Kd2 Nb5 32.Nxb5 Rxb5 33.Rc1 Kd7 34.Bd3 Ra5 35.Rc2 Nc6 36.Ke3 e5
37.g3 Nd4 38.Rf2 Rc5 39.f4 gxf4+ 40.gxf4 Ke7 41.Bc4 Nc6 42.Bd5 Rc3+ 43.Kd2 Nd4
44.fxe5 Nf3+ 45.Kd1 Re3 46.Rf1 h6 47.h3 b5 48.Kc1 Nxe5 49.Rf5 Kd6 50.h4 Re2
51.Bxf7 Rxe4 52.Be8 Rxh4 53.Bxb5 Rh2 54.Rf4 Kc5 55.Re4 Nf3 56.Be8 Nd4 57.Re5+ Kd6
58.Rh5 Rxa2 59.Rxh6+ Ke5 60.Bf7 Ne2+ 61.Kd1 Nc3+ 62.Ke1 Rg2 63.Rh4 Ne4 64.Be8 Rg3
65.Bc6 Nc5 66.Rh5+ Kd6 67.Rh6+ Ne6 68.Bb5 Ke5 69.Kf2 Rc3 70.Bc4 Nf4 71.Rh8 Rc2+
72.Kf3 Ng6 73.Rb8 Nh4+ 74.Kg4 Ng2 75.Rxb4 Ne3+ 76.Kf3 Nxc4  1/2-1/2

[Event "Budapest FS11 IM-A"]
[Site "Budapest"]
[Date "1998.11.09"]
[Round "3"]
[White "Ostrowski, Leszek"]
[Black "Nguyen Thi Thuan Hoa"]
[Result "1/2-1/2"]
[WhiteElo "2340"]
[BlackElo "2115"]

1.Nf3 d5 2.d4 Nf6 3.c4 dxc4 4.e3 e6 5.Bxc4 c5 6.O-O a6 7.e4 Nxe4 8.d5 b5
9.dxe6 fxe6 10.Qe2 Nd6 11.Bg5 Qd7 12.Ne5 Qb7 13.Bd3 Nc6 14.Qh5+ Nf7 15.Nxc6 Qxc6
16.Nc3 g6 17.Qh4 Nxg5 18.Qxg5 Ra7 19.a4 b4 20.Ne4 Be7 21.Qh6 Rd7 22.Qg7 Rf8
23.Bc2 Bd8 24.Qh6 c4 25.Rad1 b3 26.Bb1 Bb6 27.Qh4 e5 28.Rxd7 Bxd7 29.Rd1 Bd4
30.Qxh7 Bf5 31.Qh4 a5 32.Kh1 Bxe4 33.Bxe4 Qf6 34.Qh7 Rh8 35.Bc6+ Kf8 36.Qd7 Rh4
37.g3 Rh5 38.f4 Qe7 39.Qc8+ Kg7 40.Bf3 Rh8 41.Qxc4 Rb8 42.Qe2 Rb4 43.fxe5 Qxe5
44.Qf1 Rxa4 45.Re1 Qf6 46.Qd3 Rb4 47.Rc1 Be5 48.Qe3 Rb6 49.Rc5 Re6 50.Qxb3 a4
51.Qb7+ Re7 52.Qd5 Bxb2 53.Kg2 a3 54.Rc6 Qf5 55.Qxf5 gxf5 56.Ra6 Rc7 57.h4 Bc1
58.Bd5 Rc2+ 59.Kf3 Rc3+ 60.Kg2 f4 61.gxf4 Bxf4  1/2-1/2

[Event "BL2-N9899"]
[Site "Germany"]
[Date "1998.11.22"]
[Round "2.1"]
[White "Stern, Rene"]
[Black "Hegeler, Frank"]
[Result "1/2-1/2"]
[WhiteElo "2465"]
[BlackElo "2360"]

1.d4 d5 2.c4 dxc4 3.e3 Nf6 4.Bxc4 e6 5.Nf3 c5 6.O-O a6 7.Qe2 b5 8.Bd3 Bb7
9.a4 c4 10.Bc2 Nc6 11.Nc3 b4 12.Ne4 Rc8 13.Nxf6+ Qxf6 14.a5 b3 15.Be4 Bd6
16.Qxc4 Nb4 17.Qxb4 Bxb4 18.Bxb7 O-O 19.Bxc8 Rxc8 20.Bd2 Qe7 21.Rfc1 Rc2
22.Rxc2  1/2-1/2

[Event "BL9899 (Women)"]
[Site "Germany"]
[Date "1998.12.06"]
[Round "6.1"]
[White "Ioseliani, Nana"]
[Black "Peng, Zhaoqin"]
[Result "1-0"]
[WhiteElo "2490"]
[BlackElo "2420"]

1.d4 d5 2.c4 dxc4 3.e3 Nf6 4.Bxc4 e6 5.Nf3 c5 6.O-O Nc6 7.a3 a6 8.Bd3 Qc7
9.Qe2 Be7 10.dxc5 Bxc5 11.Nbd2 O-O 12.b4 Ba7 13.Bb2 Qe7 14.Ne4 Nxe4 15.Bxe4 Bd7
16.Rfd1 Rfd8 17.Rac1 f5 18.Bb1 Be8 19.Qc4 Bf7 20.Ba2 Rxd1+ 21.Rxd1 Rd8 22.Rxd8+ Qxd8
23.g3 h6 24.Qc3 Qf8 25.Bc4 Nd8 26.Ne5 Be8 27.Qd3 Bb6 28.g4 f4 29.e4 Bc7 30.Nf3 Qe7
31.Qc3 Bc6 32.Bd3 Bb6 33.h4 Bd7 34.Qe5 Nc6 35.Qxf4 e5 36.Bc4+ Kh7 37.Nxe5 Bc7
38.Nxc6 Bxc6 39.Qf5+ g6 40.Qc8 Bd8 41.Qe6 Qxe6 42.Bxe6 Bxe4 43.h5 gxh5 44.gxh5 Bf3
45.Bf7 Bc7 46.Bd4 Bd6 47.Kf1 a5 48.Bc3 axb4 49.axb4 Bb8 50.Ke1 Ba7 51.Be5 Bb6
52.Bg6+ Kg8 53.Bg3 Kg7 54.Bh4 Bc7 55.Kd2 Bd6 56.Kc3 Be2 57.Be4 b5 58.Bg6 Be5+
59.Kd2 Bc4 60.Be7 Bf4+ 61.Kc3 Be5+ 62.Kc2 Bf7 63.Bd3 Be8 64.Bc5 Bxh5 65.Bxb5 Bf3
66.Kd3 h5 67.Ke3 Bg2 68.f4 Bb8 69.Bd4+ Kf7 70.Bc4+ Kg6 71.Bd3+ Kf7 72.Be4 Bxe4
73.Kxe4 h4 74.Kf5 h3 75.Bg1 Bd6 76.b5 Ke7 77.Bh2 Kd7 78.Ke4 Bc5 79.f5 Ke7
80.Be5 Bg1 81.Kf3  1-0

[Event "Budapest FS12 GM"]
[Site "Budapest"]
[Date "1998.12.07"]
[Round "3"]
[White "Nguyen Anh Dung"]
[Black "Vaulin, Alexander"]
[Result "1/2-1/2"]
[WhiteElo "2495"]
[BlackElo "2550"]

1.d4 d5 2.c4 dxc4 3.Nf3 Nf6 4.e3 c5 5.Bxc4 e6 6.O-O Nc6 7.dxc5 Bxc5 8.Qxd8+ Kxd8
9.a3 Bd6 10.Nbd2 Ke7 11.b4 a5 12.b5 Ne5 13.Bb2 Nxf3+ 14.Nxf3 Bd7  1/2-1/2

[Event "BL2-O9899"]
[Site "Germany"]
[Date "1998.12.13"]
[Round "3.2"]
[White "Stettler, Michael"]
[Black "Kunze, Carlo"]
[Result "1-0"]
[WhiteElo "2330"]
[BlackElo "2355"]

1.d4 d5 2.c4 dxc4 3.Nf3 Nf6 4.e3 e6 5.Bxc4 c5 6.O-O a6 7.a4 Nc6 8.Qe2 cxd4
9.Rd1 Be7 10.exd4 O-O 11.Nc3 Nb4 12.Ne5 Nfd5 13.Ne4 b6 14.Ra3 f5 15.Nc3 Bf6
16.Rb3 Re8 17.Nxd5 Nxd5 18.Ra3 g6 19.Bh6 Bb7 20.Rg3 Bh4 21.Rb3 Qd6 22.Qd2 Bf6
23.Re1 Rac8 24.Bg5 Bh8 25.Rg3 Rc7 26.b3 Nf6 27.Bxf6 Bxf6 28.Nxg6 Rg7 29.Ne5 Rxg3
30.hxg3 Re7 31.Qh6 Bg7 32.Qf4 Kh8 33.Re2 b5 34.axb5 axb5 35.Bd3 Qd5 36.f3 Qxb3
37.Qd2 Qd5 38.Bb1 Rc7 39.Ba2 Qd6 40.Qb2 Bxe5 41.dxe5 Qc5+ 42.Kh2 Bd5 43.Bxd5 Qxd5
44.Rd2 Qc5 45.Rd6 Re7 46.Qd2 Re8 47.Qh6 Qc8 48.g4 Qc7 49.Rxe6 Rb8 50.gxf5 b4
51.f6 Qf7 52.Re7 Qg6 53.Qxg6 hxg6 54.Rd7 b3 55.Rd1 b2 56.Rb1 Kg8 57.Kg3 Kf7
58.Kg4 Ke6 59.f4 Rb3 60.g3 Kf7 61.Kh4  1-0

[Event "Groningen op"]
[Site "Groningen"]
[Date "1998.12.26"]
[Round "6"]
[White "Sherbakov, Ruslan"]
[Black "Skripchenko, Almira"]
[Result "1/2-1/2"]
[WhiteElo "2555"]
[BlackElo "2420"]

1.d4 d5 2.Nf3 e6 3.c4 dxc4 4.e3 Nf6 5.Bxc4 c5 6.O-O a6 7.Bb3 b5 8.a4 b4 9.e4 cxd4
10.e5 Ne4 11.Nxd4 Bb7 12.Be3 Nc5 13.Bc2 Qd5 14.Nf3 Nbd7  1/2-1/2

[Event "Groningen op"]
[Site "Groningen"]
[Date "1998.12.29"]
[Round "9"]
[White "Kempinski, Robert"]
[Black "Meins, Gerlef"]
[Result "1-0"]
[WhiteElo "2545"]
[BlackElo "2455"]

1.d4 d5 2.Nf3 Nf6 3.c4 dxc4 4.e3 e6 5.Bxc4 c5 6.Qe2 a6 7.dxc5 Bxc5 8.e4 Qc7
9.O-O Nc6 10.e5 Ng4 11.Bf4 f6 12.Nbd2 Ngxe5 13.Nxe5 fxe5 14.Bg3 O-O 15.Rac1 Qe7
16.Qe4 Bd4 17.b3 Bd7 18.Nf3 Qf6 19.Bd3 g6 20.h4 Qg7 21.Rfe1 Rf5 22.Qe2 Rh5
23.Be4 Re8 24.b4 Qe7 25.b5 axb5 26.Qxb5 Qb4 27.Qd3 Ra8 28.Rb1 Qc3 29.Rxb7 Qxd3
30.Bxd3 Bc8 31.Rc7 Nb4 32.Be4 Nd5 33.Bxd5  1-0

[Event "Rilton Cup 9899"]
[Site "Stockholm"]
[Date "1998.12.29"]
[Round "2"]
[White "Schneider, Stefan"]
[Black "Degerman, Lars"]
[Result "1/2-1/2"]
[WhiteElo "2320"]
[BlackElo "2500"]

1.d4 d5 2.c4 dxc4 3.e3 e6 4.Bxc4 Nf6 5.Nf3 c5 6.O-O a6 7.b3 cxd4 8.Nxd4 Bd6
9.Bb2 O-O 10.Nd2 e5 11.N4f3 Nc6 12.Be2 Be6 13.Nc4 Bxc4 14.Bxc4 Qe7 15.Qc2 Ba3
16.Bc3 Bb4 17.Bb2 Ba3 18.Bc3 Bb4  1/2-1/2

[Event "Paulisto-chT "]
[Site "Americana"]
[Date "1998.??.??"]
[Round "3"]
[White "De Souza, Mauro"]
[Black "Marques, Vinicius"]
[Result "1-0"]
[WhiteElo "2405"]
[BlackElo "2260"]

1.d4 d5 2.Nf3 e6 3.c4 dxc4 4.e3 Nf6 5.Bxc4 c5 6.O-O a6 7.b3 b5 8.Be2 Bb7
9.Bb2 Nbd7 10.Nbd2 Be7 11.a4 b4 12.Nc4 O-O 13.Nfd2 cxd4 14.exd4 Qb8 15.Bf3 Bxf3
16.Qxf3 Nd5 17.g3 Bf6 18.Ne4 Qa7 19.Rfd1 Rac8 20.Rac1 Qb8 21.Qe2 Be7 22.Rc2 N7f6
23.Ned2 Rfd8 24.Nf3 Rc7 25.Rdc1 Rdc8 26.Qd3 h6 27.a5 Qb5 28.Re1 Nc3 29.Re5 Nfd5
30.Bc1 Bf6 31.Re1 Rxc4 32.bxc4 Qxc4 33.Qxc4 Rxc4 34.Be3 Bd8 35.Ra1 Rc8 36.Rb2 Rb8
37.Nd2 Rb5 38.Nb3 Bc7 39.Kf1 Ne4 40.Rc2 Nec3 41.Bd2 e5 42.dxe5 Bxe5 43.Re1 f6
44.f4 Bc7 45.Re8+ Kf7 46.Ra8 Bxa5 47.Rxa6 Bc7 48.Rc1 Rb8 49.Ra7 Kg8 50.Re1 Bb6
51.Rd7 Bc7 52.Bxc3 bxc3 53.Nd4  1-0

[Event "Oberliga Bayern9798"]
[Site "Bayern"]
[Date "1998.??.??"]
[Round "?"]
[White "Cech, Pavel"]
[Black "Lang, Zalan Andreas"]
[Result "1/2-1/2"]
[WhiteElo "2330"]
[BlackElo "2225"]

1.d4 d5 2.c4 dxc4 3.e3 c5 4.Bxc4 Nf6 5.Nf3 e6 6.O-O a6 7.a4 Nc6 8.Nc3 Qc7
9.Qe2 Bd6 10.Rd1 O-O 11.h3 e5 12.dxc5 Bxc5 13.b3 Bf5 14.Bb2 e4 15.Nh4 Be6
16.Nd5 Nxd5 17.Bxd5 Be7 18.Bxe6 fxe6 19.Qg4 Bxh4 20.Qxh4 Qf7 21.Ba3 Qf6 22.Qxf6 Rxf6
23.Rd7 Ne5 24.Rd4 Rc8 25.Rxe4 Nd3 26.Rd4 Rc3 27.Rd1 Nc5 28.Rd8+ Rf8 29.Bb4 Rc2
30.R8d2 Rxd2 31.Rxd2 b6 32.Bxc5 bxc5 33.Rc2 Rc8 34.b4 c4 35.Rc3 Kf7 36.e4 Kf6
37.f4 g5 38.g3 gxf4 39.gxf4 e5 40.f5 Kg5 41.Kf2 Kf4 42.f6 Kxe4 43.f7 Kd4
44.Rf3 Rf8 45.Ke2 c3 46.b5 axb5 47.axb5 Kc5  1/2-1/2

[Event "Oberliga Bayern9798"]
[Site "Bayern"]
[Date "1998.??.??"]
[Round "?"]
[White "Beim, Valery"]
[Black "Arbakov, Valentin"]
[Result "1/2-1/2"]
[WhiteElo "2480"]
[BlackElo "2475"]

1.Nf3 Nf6 2.d4 d5 3.c4 dxc4 4.e3 e6 5.Bxc4 c5 6.Nc3 a6 7.Bb3 b5 8.O-O Bb7
9.Qe2 Nbd7 10.Rd1 Qc7 11.Bd2 Be7 12.Rac1 Qb6 13.Bc2 O-O 14.dxc5 Nxc5 15.Be1 Rac8
16.a3 Ba8 17.Rd4 Nce4 18.Nxe4 Bxe4 19.Rdd1 Qb7 20.Bxe4 Qxe4 21.Nd2 Qe5 22.Nf3 Qe4
23.Nd2 Qa4 24.Nb1 Qb3 25.Bc3 Nd5 26.Bd4 h6 27.Nd2 Qa4 28.Ne4 Rfd8 29.g3 Bf8
30.Nc5 Bxc5 31.Bxc5 e5 32.e4 Nf6 33.Rxd8+ Rxd8 34.Be7 Rd4 35.Bxf6 gxf6 36.Qg4+ Kh7
37.Qf5+ Kg7 38.Qg4+ Kh7 39.Rc6 Qd1+ 40.Qxd1 Rxd1+ 41.Kg2 Kg7 42.Rxa6 b4 43.axb4 Rd2
44.Ra2 Rd4 45.Ra4 Rd2 46.b3 Rd3 47.Ra3 Rd4 48.b5 Rb4 49.Kf3 Rxb5 50.Ke3 Kg6
51.Kd3 Rb8 52.Kc3 f5 53.Ra6+ Kg5 54.h4+ Kg4 55.Rxh6 Kf3 56.Rf6 Kxe4 57.Rxf7 Rc8+
58.Kb2 f4 59.gxf4 exf4 60.Rd7 Kf3 61.Rd2 Rh8 62.b4 Rxh4 63.Kc3 Rh1 64.b5 Rb1
65.Kc4 Rc1+ 66.Kd5 Rb1 67.Kc6 Rc1+ 68.Kb7 Rf1  1/2-1/2

[Event "Landesliga Nord 9899"]
[Site "Bayern"]
[Date "1998.??.??"]
[Round "?"]
[White "Herdin, Hans Ulrich"]
[Black "Eckhardt, Wladislaw"]
[Result "0-1"]
[WhiteElo "2085"]
[BlackElo "2080"]

1.d4 d5 2.c4 dxc4 3.e3 c5 4.Bxc4 e6 5.Nf3 Nf6 6.O-O a6 7.a4 Nc6 8.Nc3 Be7
9.Ne2 O-O 10.Bd2 Rb8 11.dxc5 Bxc5 12.Qc2 Bb4 13.Rfd1 Bd7 14.Nf4 Qe7 15.Ng5 h6
16.Ne4 Rfd8 17.Nxf6+ Qxf6 18.Nd3 Bxd2 19.Rxd2 Rbc8 20.Qd1 Ne7 21.Rc1 Ng6
22.Ne1 Ne5 23.b3 Bc6 24.Rxd8+ Rxd8 25.Qe2 Rd6 26.f4 Nxc4 27.Rxc4 Qd8 28.Rc2 Rd1
29.Kf1 Be4 30.Rc3 Kh7 31.g3 Qd5 32.Qc4 Bd3+ 33.Qxd3+ Rxd3 34.Rxd3 Qh1+ 35.Kf2 Qxh2+
36.Ng2 Qh5 37.Ne1 Qf5 38.Kf3 h5 39.e4 Qg4+ 40.Kf2 h4 41.Ng2 g5 42.fxg5 Qxe4
43.Re3 Qc2+ 44.Kg1 h3 45.Nf4 Qc1+ 46.Kf2 h2 47.g6+ fxg6 48.Ne2 Qc5 49.b4 Qa7
50.b5 h1=Q 51.b6 Qxb6 52.a5 Qc5 53.Nf4 Qd1 54.Ng2 Qd2+ 55.Kf3 Qcd5+ 56.Re4 g5
57.Ne3 Qc6 58.Ng4 Qd3+ 59.Kf2 Qcc2+ 60.Ke1 Qxe4+ 61.Kf1 Qh1+  0-1

[Event "Regionalliga NW9798"]
[Site "Bayern"]
[Date "1998.??.??"]
[Round "?"]
[White "Schell, Walter"]
[Black "Lang, James"]
[Result "1/2-1/2"]
[WhiteElo "2050"]
[BlackElo "2070"]

1.d4 d5 2.c4 dxc4 3.Nf3 Nf6 4.e3 e6 5.Bxc4 c5 6.O-O a6 7.dxc5 Qxd1 8.Rxd1 Bxc5
9.a3 b5 10.Be2 Bb7 11.b4 Be7 12.Bb2 Nbd7 13.Nbd2 Rc8 14.Rac1 O-O 15.Kf1 Rxc1
16.Rxc1 Rc8 17.Rxc8+  1/2-1/2

[Event "Beersheba"]
[Site "Beersheba"]
[Date "1998.??.??"]
[Round "4"]
[White "Rapoport, Evgeny"]
[Black "Maryasin, Boris"]
[Result "0-1"]
[WhiteElo "2280"]
[BlackElo "2350"]

1.d4 d5 2.c4 dxc4 3.Nf3 Nf6 4.e3 e6 5.Bxc4 c5 6.Qe2 a6 7.dxc5 Bxc5 8.e4 b5
9.Bb3 Bb7 10.Nbd2 Nc6 11.e5 Ng4 12.O-O Nd4 13.Nxd4 Qxd4 14.Nf3 Bxf3 15.Qxf3 O-O
16.Qg3 Kh8 17.Bf4 g5 18.Bxg5 Rg8 19.Qf4 Rxg5 20.Qxg5 Rg8 21.Qh4 Qxe5 22.Rad1 Rg5
23.Bc2 h6 24.Kh1 Qf4 25.Qh3 Qxf2 26.Rd8+ Kg7 27.Qf3 Qxf1+ 28.Qxf1 Nf2+ 29.Qxf2 Bxf2
30.g3 Re5 31.Rd2 Re1+ 32.Kg2 Be3 33.Rd3 Re2+ 34.Kf3 Rxc2 35.Rxe3 Rxb2 36.Ra3 Rxh2
37.Rxa6 Rb2 38.Ra5 Kf6 39.a3 h5 40.Kf4 Rb3 41.Ra6 Rc3 42.Ra5 Rc4+ 43.Kf3 Ra4
44.Rxb5 Rxa3+ 45.Kg2 e5 46.Rb8 Ra2+ 47.Kh3 e4 48.Rb5 e3 49.Rb3 e2 50.Re3 Kf5
51.Re8 h4 52.Re7 f6 53.Re8 Ra3 54.Rxe2 hxg3 55.Rb2 Kg5 56.Rb4 f5 57.Rb5 Re3
58.Ra5 Kf4 59.Ra1 Re2 60.Ra4+ Kf3 61.Ra3+ Re3 62.Ra2 f4 63.Ra1 Re2 64.Ra3+ Kf2
65.Ra4 f3  0-1

[Event "Berliner Sommer 16th"]
[Site "Berlin"]
[Date "1998.??.??"]
[Round "4"]
[White "Mittelman, Gur"]
[Black "Levin, Felix"]
[Result "1/2-1/2"]
[WhiteElo "2410"]
[BlackElo "2480"]

1.d4 d5 2.c4 dxc4 3.e3 e6 4.Bxc4 Nf6 5.Nf3 c5 6.O-O a6 7.Bb3 Nc6 8.Qe2 Qc7
9.Nc3 Be7 10.dxc5 Bxc5 11.Bd2 O-O 12.Rac1 Qe7 13.e4 e5 14.Nd5 Nxd5 15.Bxd5 Nd4
16.Nxd4 Bxd4 17.Rc4 a5 18.b4 Be6 19.bxa5 Rfd8 20.Bxe6 Qxe6 21.Rfc1 h6 22.h3 b6
23.axb6 Qxb6 24.Bc3 Ra3 25.Bb4 Ra6 26.a3 Qb5  1/2-1/2

[Event "Berliner Sommer 16th"]
[Site "Berlin"]
[Date "1998.??.??"]
[Round "6"]
[White "Arkhangelsky, Boris"]
[Black "Levin, Felix"]
[Result "0-1"]
[WhiteElo "2400"]
[BlackElo "2480"]

1.d4 d5 2.Nf3 Nf6 3.c4 dxc4 4.e3 e6 5.Bxc4 c5 6.O-O a6 7.dxc5 Bxc5 8.Qxd8+ Kxd8
9.a3 Ke7 10.b4 Bd6 11.Bb2 b5 12.Bd3 Bb7 13.Nc3 Rd8 14.Rad1 Nbd7 15.e4 Ng4
16.Bb1 Nge5 17.Nd4 Nc4 18.Bc1 Rac8 19.Nce2 Bb8 20.Nb3 Ba7 21.h3 h6 22.Rfe1 Bb6
23.Ng3 Nde5 24.Ne2 Rxd1 25.Rxd1 Nd6 26.Ng3 Rc3 27.Nc5 Bxc5 28.bxc5 Rxc5 29.f4 Nec4
30.e5 Ne8 31.Ne4 Bxe4 32.Bxe4 Nc7 33.Kf2 Nd5 34.Bf3 Nc3 35.Rd3 Nd5 36.Rd1 a5
37.h4 b4 38.axb4 axb4 39.Rd3 Nxe5 40.fxe5 Rxc1 41.Bxd5 exd5 42.Rxd5 b3 43.Rb5 Rc3
44.Rb6 Kd7 45.Kg1 Kc7 46.Rb4 Kc6 47.Kf1 Kc5 48.Rb7 Kc4  0-1

[Event "Biel op"]
[Site "Biel"]
[Date "1998.??.??"]
[Round "3"]
[White "Rufener, Markus"]
[Black "Giertz, Niklaus"]
[Result "0-1"]
[WhiteElo "2110"]
[BlackElo "2310"]

1.d4 d5 2.c4 dxc4 3.Nf3 Nf6 4.e3 e6 5.Bxc4 c5 6.O-O a6 7.a4 Nc6 8.Qe2 cxd4
9.Rd1 Be7 10.exd4 O-O 11.Nc3 Nd5 12.Ne5 Nxc3 13.bxc3 Nxe5 14.Qxe5 Bd6 15.Qh5 Qc7
16.Bd3 g6 17.Qh4 Qxc3 18.Bh6 Re8 19.Qf6 Bf8 20.Bxf8 Rxf8 21.Be4 Qc7 22.d5 exd5
23.Bxd5 Bg4 24.f3 Be6 25.Bxe6 Qb6+ 26.Qd4 Qxd4+ 27.Rxd4 fxe6 28.Rb1 Rf7 29.Rd6 Re8
30.Kf2 Rc7 31.Rdb6 Ree7 32.Ke3 Kf7 33.R1b4 g5 34.g3 h6 35.h4 Kg6 36.hxg5 hxg5
37.Ke4 Kf6 38.f4 gxf4 39.gxf4 Rh7 40.Rd4 Rh1 41.Rdb4 Re1+ 42.Kd3 Rd7+ 43.Kc2 Re2+
44.Kc3 Re3+ 45.Kc2 Rh7 46.Rxb7 Rh2+ 47.Kd1 Ra3 48.a5 Rxa5 49.Rb1 Raa2  0-1

[Event "Biel op"]
[Site "Biel"]
[Date "1998.??.??"]
[Round "9"]
[White "Gurieli, Nino"]
[Black "Giertz, Niklaus"]
[Result "1-0"]
[WhiteElo "2385"]
[BlackElo "2310"]

1.d4 d5 2.c4 dxc4 3.Nf3 Nf6 4.e3 e6 5.Bxc4 c5 6.O-O a6 7.Bb3 cxd4 8.exd4 Nc6
9.Nc3 Be7 10.a3 Na5 11.Bc2 b5 12.Re1 Bb7 13.Qd3 O-O 14.Bg5 g6 15.Ne5 Rc8
16.Rad1 Nd5 17.Bh6 Nxc3 18.bxc3 Qd5 19.f3 Rfe8 20.a4 b4 21.cxb4 Bxb4 22.Ng4 Qd8
23.Bd2 Bxd2 24.Qxd2 Nc4 25.Qf4 f5 26.Nf2 Nb2 27.Rd2 Bd5 28.h4 Qa5 29.Rb1 Nc4
30.Re2 Na3 31.Rc1 Qc7 32.Qe3 Qd6 33.h5 Kg7 34.Bd3 Rxc1+ 35.Qxc1 Re7 36.h6+ Kf7
37.Nh3 Rc7 38.Ng5+ Kg8 39.Qe3 Nc4 40.Bxc4 Bxc4 41.Rb2 Qf8 42.Qe5 Rc8 43.Rb7 Qxh6
44.Nf7  1-0

[Event "Budapest Nyar op"]
[Site "Budapest"]
[Date "1998.??.??"]
[Round "4"]
[White "Szabo, Zsolt Jozsef"]
[Black "Namgilov, Sogto"]
[Result "0-1"]
[WhiteElo "2415"]
[BlackElo "2430"]

1.d4 d5 2.c4 c6 3.e3 Nf6 4.Bd3 e6 5.Nf3 dxc4 6.Bxc4 c5 7.O-O a6 8.a4 Nc6
9.Qe2 cxd4 10.Rd1 Be7 11.exd4 O-O 12.Nc3 Nd5 13.Bd3 Ncb4 14.Bb1 b6 15.Ne5 Bb7
16.Ra3 Rc8 17.Ne4 f5 18.Rg3 Rxc1 19.Rxc1 Nf4 20.Qe1 fxe4 21.Bxe4 Bxe4 22.Qxe4 Qxd4
23.Qxd4 Ne2+ 24.Kf1 Nxd4 25.Nd7 Rd8 26.Nxb6 Nf5 27.Rg4 Nd3 28.Rc2 Bf6 29.Nc4 Rb8
30.a5 Rb4 31.Ke2 h5 32.Kxd3 hxg4 33.Re2 Rb3+ 34.Ke4 Kf7 35.Kf4 Rd3 36.Re4 Nh6
37.b4 g5+  0-1

[Event "Cap d'Agde op"]
[Site "Cap d'Agde"]
[Date "1998.??.??"]
[Round "6"]
[White "Yakovich, Yuri"]
[Black "Flear, Glenn C"]
[Result "1/2-1/2"]
[WhiteElo "2570"]
[BlackElo "2445"]

1.d4 d5 2.c4 dxc4 3.e3 Nf6 4.Bxc4 e6 5.Nf3 c5 6.O-O a6 7.Bb3 cxd4 8.exd4 Nc6
9.Nc3 Be7 10.Bf4 O-O 11.Rc1 Na5 12.Bc2 b5 13.a4 b4 14.Ne4 Bb7 15.Bc7 Qd5
16.Nc5 Bxc5 17.Bxh7+ Nxh7 18.Rxc5 Qa2 19.Bxa5 Bxf3 20.Qxf3 Qxb2 21.Qd3 Qa2
22.Qc2 Qxc2 23.Rxc2 b3 24.Rb2 Rfc8 25.Bb6 Rc3 26.Rfb1 Rac8 27.Kf1 Rc1+ 28.Rxc1 Rxc1+
29.Ke2  1/2-1/2

[Event "Chemnitz op"]
[Site "Chemnitz"]
[Date "1998.??.??"]
[Round "8"]
[White "Timoshchenko, Gennadi A"]
[Black "Jonkman, Harmen"]
[Result "1/2-1/2"]
[WhiteElo "2520"]
[BlackElo "2315"]

1.d4 d5 2.c4 dxc4 3.Nf3 Nf6 4.e3 e6 5.Bxc4 c5 6.O-O a6 7.b3 b6 8.Bb2 Bb7
9.Nbd2 Nc6 10.dxc5 Bxc5 11.a3 O-O 12.Qc2 h6 13.Rfd1 Qe7 14.b4 Bd6 15.Qc3 Rfc8
16.Ne4 Be5 17.Nxe5 Nxe4 18.Nxc6 Qg5 19.Qd4 Rxc6 20.h4 Qf6 21.Qxf6 Nxf6 22.Rac1 Rac8
23.Bb3 Rxc1 24.Rxc1 Rxc1+ 25.Bxc1 Bd5 26.Bc2 Nd7 27.f3 Kf8 28.Kf2 Ke7 29.h5 Bc6
30.Bb2 f6 31.f4 b5 32.Bd4 e5 33.Ba7 Kd6 34.Bf5 Ke7 35.g4 Kf7 36.Kg3 Ke7 37.Kh4 Kf7
38.g5 Ke7 39.gxh6 gxh6 40.Kg4 Kf7 41.Bg6+ Ke6 42.Bc2 Bd5 43.Bf5+ Ke7 44.Bg6 Be6+
45.Kg3 Bd5 46.e4 Bb7 47.Be3 exf4+ 48.Bxf4 Ne5 49.Bf5 Nf7 50.Kf3 Ng5+ 51.Ke3 Kf7
52.Bd6 Ne6 53.Bg6+ Kg7 54.Bg3 Bc6 55.Be1 Kf8 56.Bc3 Ke7 57.e5 fxe5 58.Bxe5 Nf8
59.Be4 Be8 60.Bg7 Nd7 61.Bxh6 Bxh5 62.Kd4 Nb6 63.Kc5 Nc4 64.Bc1 Be8 65.Bb7 a5
66.Bg5+ Kf8 67.bxa5 Nxa5 68.Bd5 Nc4 69.a4 bxa4 70.Bxc4 a3 71.Bc1 Bf7 72.Bb5 a2
73.Bb2 Ke7 74.Be5 Be6  1/2-1/2

[Event "Copenhagen-ch"]
[Site "Copenhagen"]
[Date "1998.??.??"]
[Round "3"]
[White "Jorgensen, Per Henrik Dorff"]
[Black "Sorensen, Torben"]
[Result "1/2-1/2"]
[WhiteElo "2285"]
[BlackElo "2295"]

1.d4 d5 2.c4 dxc4 3.Nf3 Nf6 4.e3 e6 5.Bxc4 c5 6.O-O a6 7.Qe2 b5 8.Bb3 Bb7
9.Rd1 Nbd7 10.Nc3 Qb8 11.d5 Nxd5 12.Nxd5 Bxd5 13.Bxd5 exd5 14.Rxd5 Qb7 15.e4 Be7
16.Bg5 Nb6 17.Rd2 O-O 18.Bxe7 Qxe7 19.Rad1 Rad8 20.e5 h6 21.Rxd8 Rxd8 22.Rxd8+ Qxd8
23.e6 Qe7 24.exf7+ Qxf7 25.h3 c4 26.Qe5 Qf6 27.Qe8+ Kh7 28.Ne5 b4 29.Nxc4 Nxc4
30.Qe4+ Kh8 31.Qe8+ Kh7  1/2-1/2

[Event "Creon op"]
[Site "Creon"]
[Date "1998.??.??"]
[Round "6"]
[White "Grigore, George"]
[Black "Flear, Glenn C"]
[Result "0-1"]
[WhiteElo "2480"]
[BlackElo "2445"]

1.d4 d5 2.c4 dxc4 3.Nf3 Nf6 4.e3 e6 5.Bxc4 c5 6.O-O a6 7.Bd3 cxd4 8.exd4 Be7
9.Bg5 O-O 10.Nc3 b5 11.Rc1 Bb7 12.Bxf6 Bxf6 13.Ne4 Nd7 14.Qe2 Qb6 15.Nc5 Rad8
16.Nxb7 Qxb7 17.Be4 Qa7 18.Rfd1 g6 19.h4 Rc8 20.Rxc8 Rxc8 21.h5 Kg7 22.g3 Rc4
23.Kg2 gxh5 24.Bd3 Rc8 25.Qe4 Nf8 26.Rh1 h4 27.gxh4 Rd8 28.Rh3 Bxd4 29.Rg3+ Kh8
30.h5 f5 31.Qh4 Rd7 32.Kf1 Bxb2 33.Qb4 Bg7 34.Ne5 Rd5 35.h6 Bxh6 36.Nc6 Qf7
37.Qe7 Rd7 38.Qc5 Qf6 39.Ne5 Rd5  0-1

[Event "POL-ch sf"]
[Site "Czestochowa"]
[Date "1998.??.??"]
[Round "1"]
[White "Jedynak, Radoslaw"]
[Black "Weglarz, Leszek"]
[Result "1/2-1/2"]
[WhiteElo "2220"]
[BlackElo "2395"]

1.d4 d5 2.Nf3 e6 3.c4 dxc4 4.e3 c5 5.Bxc4 Nf6 6.Nc3 a6 7.a4 Nc6 8.O-O Qc7
9.Qe2 Bd6 10.h3 O-O 11.dxc5 Bxc5 12.e4 Nh5 13.Be3 Nf4 14.Qd2 Bxe3 15.Qxe3 Ng6
16.Rfd1 b6 17.Rac1 Bb7 18.Bf1 Rfd8 19.Rxd8+ Rxd8 20.Ne2 Rc8 21.Ned4 Qd6 22.Nxc6 Rxc6
23.Rxc6 Qxc6 24.b4 h6 25.Nd2 Ne5 26.b5 axb5 27.Bxb5 Qc1+ 28.Kh2 Qc7 29.Kg1 Qc1+
30.Kh2 Qc7 31.Kg1 Qc1+  1/2-1/2

[Event "Dos Hermanas op"]
[Site "Dos Hermanas"]
[Date "1998.??.??"]
[Round "4"]
[White "Matamoros Franco, Carlos S"]
[Black "Cifuentes Parada, Roberto"]
[Result "1/2-1/2"]
[WhiteElo "2470"]
[BlackElo "2535"]

1.d4 d5 2.c4 dxc4 3.e3 Nf6 4.Bxc4 e6 5.Nf3 c5 6.O-O a6 7.b3 Nbd7 8.Bb2 Be7
9.dxc5 Nxc5 10.Qxd8+ Bxd8 11.Nbd2 Be7 12.Be2 O-O 13.Nc4 Nd5 14.Nfe5 f6 15.Nd3 b5
16.Nd2 Nxd3 17.Bxd3 Bb7 18.Nf3 Nb4 19.Be2 Rfc8 20.Rfc1 Kf7 21.Ne1 Rxc1 22.Bxc1 Rc8
23.a4 bxa4 24.bxa4 e5 25.Bd2 a5 26.Kf1 e4 27.Rc1 Rxc1 28.Bxc1 Ke6 29.Bc4+ Bd5
30.Bb5 Bc6 31.Bc4+ Kd6 32.Bb3 Bd5 33.Bd1 Bc4+ 34.Kg1 Kd5 35.f3 f5 36.g4 fxg4
37.fxe4+ Kxe4 38.Bxg4 Bc5 39.Kf2 g6 40.Bd2 Bb6 41.Bf3+ Kf5 42.Bd1 h6 43.h3 h5
44.Kf3 Bd5+ 45.Kf2 Be4 46.Nf3 Nd3+ 47.Ke2 Nb2 48.Bb3 Bd3+ 49.Kf2 Nc4 50.Bc1 Nd6
51.Nd4+ Kf6 52.h4 Ne4+ 53.Kf3 g5 54.hxg5+ Nxg5+ 55.Kf2 Ne4+ 56.Kf3 Nc5 57.Bd5 Nxa4
58.Nc6 Bb5 59.Bd2 Bxc6 60.Bxc6 Nc5 61.Bc3+ Ke7 62.Bd4 Nd7 63.Bxd7 Bxd4 64.Ba4  1/2-1/2

[Event "FIN-ch"]
[Site "FIN"]
[Date "1998.??.??"]
[Round "3"]
[White "Tuominen, Risto"]
[Black "Westerinen, Heikki MJ"]
[Result "0-1"]
[WhiteElo "2190"]
[BlackElo "2410"]

1.d4 d5 2.c4 dxc4 3.e3 Nf6 4.Nf3 e6 5.Bxc4 c5 6.O-O a6 7.dxc5 Bxc5 8.Qxd8+ Kxd8
9.b3 b5 10.Be2 Bb7 11.Bb2 Nbd7 12.Nbd2 Ke7 13.Rfd1 Rhc8 14.Rac1 Bd6 15.Nd4 Ne5
16.N2f3 Nxf3+ 17.Bxf3 Bxf3 18.Nxf3 Ne4 19.Ne5 f6 20.f3 Rxc1 21.Rxc1 Nc5 22.Ba3 Bxe5
23.Bxc5+ Kd7 24.Kf2 a5 25.a4 bxa4 26.bxa4 Rb8 27.Rd1+ Kc6 28.Rc1 Rb2+ 29.Kg1 Kb7
30.f4 Bc7 31.Bd4 Rb4 32.Ra1 Bxf4 33.Bc5 Rc4 34.Rb1+ Kc6 35.Bb6 Rb4 36.Rd1 Kxb6
37.exf4 Kc6 38.Rc1+ Kd6 39.Rd1+ Ke7 40.Rc1 Rxa4 41.Rc7+ Kf8 42.g3 Ra2 43.h4 h5
44.Kh1 a4 45.Ra7 Kg8 46.Kg1 a3 47.Kh1 Kh7  0-1